Republic of Korea : 2007 Article IV Consultation; Staff Report; Staff Supplement; Public Information Notice on the Executive Board Discussion; and Statement by the Executive Director for the Republic of Korea.

This 2007 Article IV Consultation highlights that the Republic of Korea is enjoying its longest uninterrupted period of economic expansion since the Asian crisis. Growth reached 5 percent in 2006, buoyed by strong exports, and is only expected to slow marginally to 4 3/4 percent this year. The curre...

Celý popis

Podrobná bibliografie
Korporativní autor: International Monetary Fund
Médium: Časopis
Jazyk:English
Vydáno: Washington, D.C. : International Monetary Fund, 2007.
Edice:IMF Staff Country Reports; Country Report ; No. 2007/344
On-line přístup:Full text available on IMF
LEADER 01762cas a2200241 a 4500
001 AALejournalIMF009629
008 230101c9999 xx r poo 0 0eng d
020 |c 5.00 USD 
020 |z 9781451822212 
022 |a 1934-7685 
040 |a BD-DhAAL  |c BD-DhAAL 
110 2 |a International Monetary Fund. 
245 1 0 |a Republic of Korea :   |b 2007 Article IV Consultation; Staff Report; Staff Supplement; Public Information Notice on the Executive Board Discussion; and Statement by the Executive Director for the Republic of Korea. 
264 1 |a Washington, D.C. :  |b International Monetary Fund,  |c 2007. 
300 |a 1 online resource (52 pages) 
490 1 |a IMF Staff Country Reports 
500 |a <strong>Off-Campus Access:</strong> No User ID or Password Required 
500 |a <strong>On-Campus Access:</strong> No User ID or Password Required 
506 |a Electronic access restricted to authorized BRAC University faculty, staff and students 
520 3 |a This 2007 Article IV Consultation highlights that the Republic of Korea is enjoying its longest uninterrupted period of economic expansion since the Asian crisis. Growth reached 5 percent in 2006, buoyed by strong exports, and is only expected to slow marginally to 4 3/4 percent this year. The current account is expected to remain broadly in balance. The impact of the ongoing global financial turbulence has so far been manageable but downside risks to the outlook have increased, with the nascent consumption recovery vulnerable to a downturn in asset markets. 
538 |a Mode of access: Internet 
830 0 |a IMF Staff Country Reports; Country Report ;  |v No. 2007/344 
856 4 0 |z Full text available on IMF  |u http://elibrary.imf.org/view/journals/002/2007/344/002.2007.issue-344-en.xml  |z IMF e-Library